Sports Quiz

Random Sports Quiz
Score 0/10 Timer 10:00
0 Plays Today
years players % Correct
2011-2017Kemba Walker
100%
1999-2002Baron Davis
33.3%
2008-2012D.J.Augustin
33.3%
1988-1997Muggsy Bogues
16.7%
2015-2016Jeremy Lin
16.7%
2012-2014Ramon Sessions
16.7%
2005-2010Reymond Felton
0%
1997-2002David Wesley
0%
2004-2007Brevin Kinght
0%
2006-2008Jeff Mclnnis
0%
Remove Ads.
Support Sporcle.
Get the best of Sporcle when you Go Orange. This ad-free experience offers more features, more stats, and more fun while also helping to support Sporcle. Thank you for becoming a member.

You're not logged in!

Compare scores with friends on all Sporcle quizzes.
OR
Log In

Sporcle TV

Today on Sporcle TV


Watch our educational content, quiz creation guides, and fun videos on Sporcle TV.

Show Comments

Extras

Top Quizzes Today


Score Distribution

Paid Content

Your Account Isn't Verified!

In order to create a playlist on Sporcle, you need to verify the email address you used during registration. Go to your Sporcle Settings to finish the process.

Report this User

Report this user for behavior that violates our Community Guidelines.

Details: